| 000 | 00579nam a2200229 a 4500 | ||
|---|---|---|---|
| 003 | AR-BaBNM | ||
| 005 | 20251128203530.0 | ||
| 008 | 082120s2002 ||||||||||||||000 | spa|| | ||
| 020 | _a950-583-037-8 | ||
| 040 | _cAR-BaBNM | ||
| 100 | 1 | _aAlberto, Enso Italo | |
| 245 | 0 | 0 | _aLas generaciones contemporáneas |
| 250 | _a1ª ed. | ||
| 260 |
_aBuenos Aires _bPleamar _c1994 |
||
| 300 | _a236 p. | ||
| 490 | 0 | _aCiencias políticas y sociales | |
| 650 | 4 | _aPROCESOS SOCIALES | |
| 650 | 4 | _aCAMBIO SOCIAL | |
| 650 | 4 | _aSOCIEDAD CONTEMPORANEA | |
| 942 | _cBK | ||
| 998 | _cCarmen | ||
| 999 |
_c3820 _d3820 |
||